书目信息 |
| 题名: |
旧典备征
|
|
| 作者: | 朱澎寿 著 | |
| 分册: | ||
| 出版信息: | 北京 中华书局 1982 |
|
| 页数: | 283页 | |
| 开本: | 20cm | |
| 丛书名: | ||
| 单 册: | ||
| 中图分类: | O522 , I262 | |
| 科图分类: | ||
| 主题词: | 散文--中国 , 散文--作品综合集--中国 | |
| 电子资源: | ||
| ISBN: | ||
| 000 | 00546nam0 2200205 450 | |
| 001 | 0735592734 | |
| 005 | 20071015084705.09 | |
| 010 | @a@dCNY0.90 | |
| 100 | @a20070906d1982 km y0chiy0120 ea | |
| 101 | 0 | @achi |
| 200 | 1 | @a旧典备征@Ajiu dian bei zheng@f朱澎寿著@Fzhu peng shou zhu |
| 210 | @a北京@c中华书局@d1982 | |
| 215 | @a283页@d20cm | |
| 606 | 0 | @a散文@x中国 |
| 606 | 0 | @a散文@x作品综合集@x中国 |
| 690 | @aO522@v3 | |
| 690 | @aI262@v4 | |
| 701 | 0 | @a朱澎寿@Azhu peng shou@4著 |
| 801 | 0 | @aCN@bPFT@c20071015 |
| 905 | @a213230@dI262@eZW118@f1 | |
| 旧典备征/朱澎寿著.-北京:中华书局,1982 |
| 283页;20cm |
| ISBN :CNY0.90 |
| ● |
| 相关链接 |
|
|
|
|
正题名:旧典备征
索取号:I262/ZW118
 
预约/预借
| 序号 | 登录号 | 条形码 | 馆藏地/架位号 | 状态 | 备注 |
| 1 | 7609896 | 276098964 | 密集书库-文学院/ [索取号:I262/ZW118] | 在馆 |